000 00709cam a2200253 4500
001
008 000000n2002 000 0 eng u
020 _a1900858738
035 _a(Sirsi) u117330
041 _aeng.
050 _a690.23
110 _aBuilding Cost Information Service
_91096
245 _aGuide to house rebuilding costs 2002
250 _a24th (rev.) ed.
260 _aLondon
_bRICS
_c2002
300 _a108p.
_c30cm.
650 _aASSOCIATION OF BRITISH INSURERS
650 _aHOUSE REBUILDING COSTS
650 _aINSURANCE COSTS
650 _aBUILT ENVIRONMENT-BUILDING COSTS-REINSTATEMENT COSTS
650 _aBCIS
690 _aBUILT ENVIRONMENT-BUILDING COSTS
942 _n0
999 _c101973
_d101973